Представление документа в формате MARC21

ПолеНазваниеЗначение
  Тип записи a
  Библиографический уровень m
001 Контрольный номер RU/URAIT/492763
003 Принадлежность контрольного номера https://urait.ru/bcode/492763
005 Дата корректировки 20230117154131.2
008 Кодируемые данные
020 Индекс ISBN __
a ISBN 978-5-534-07260-0
c Цена, тираж 579.00
040 Источник каталогиз. __
a Служба первич. каталог. ИКО Юрайт
b Код языка каталог. rus
c Служба, преобразующая запись ИКО Юрайт
041 Код языка издания 0_
a Код языка текста rus
044 Код страны публикации __
a Код страны публикации RU
073 _1
a 9785534072600
d 579.00
080 Индекс УДК __
a Индекс УДК 796(075.8)
084 Индекс другой классификации/Индекс ББК __
a Индекс другой классификации/Индекс ББК 75.7я73
2 Источник индекса rubbk
091 Индексы/ коды __
a Индекс ББК (DOS) 75.7я73
z rubbk
100 Автор 1_
a Автор Рипа М. Д.
q Полное имя Михаил Дмитриевич
230 __
a Электрон. дан.
245 Заглавие 00
a Заглавие Лечебно-оздоровительные технологии в адаптивном физическом воспитании
b Продолж. заглавия учебное пособие
c Ответственность М. Д. Рипа, И. В. Кулькова.
250 Сведения об издании __
a Основные сведения об издании 2-е изд.
b Дополнительные сведения об издании испр. и доп
260 Выходные данные 1_
a Место издания Москва
b Издательство Юрайт
c Дата издания 2022
300 Физическое описание __
a Объем 158 с
440 Серия _0
a Серия Высшее образование
500 Примечания __
a Примечание URL: https://urait.ru/bcode/492763 (дата обращения: 29.08.2022).
520 Аннотация __
a Аннотация В настоящем учебном пособии раскрыты основы лечебной и адаптивной физической культуры двигательной деятельности лиц с ограниченными физическими возможностями. В нем показана роль и место коррекционных учреждений в лечебно-реабилитационной и оздоровительной деятельности с больным, ослабленным контингентом, особенно с лицами, имеющими ограниченные физические возможности. Представленные научно-методические и практические материалы должны существенно повысить эффективность и качество, как учебной деятельности, так и процесса проведения производственных практик студентов.
538 Прим. о системных особенностях __
a Прим. о системных особенностях Режим доступа: Электронно-библиотечная система Юрайт, для авториз. пользователей
653 Ключевые слова 2_
a Ключевые слова Физическая культура
653 Ключевые слова 2_
a Ключевые слова Гуманитарные и общественные науки.
653 Ключевые слова 2_
a Ключевые слова Коррекционная ритмика
653 Ключевые слова 2_
a Ключевые слова Лечебная физическая культура
653 Ключевые слова 2_
a Ключевые слова Адаптивная физическая культура для детей с нарушениями в развитии
653 Ключевые слова 2_
a Ключевые слова Теория и методика адаптивной физической культуры
653 Ключевые слова 2_
a Ключевые слова Адаптационная физическая подготовка
700 Другие авторы 1_
a Другие авторы Кулькова И. В.
q Полное имя Ирина Валерьевна
856 Электронный адрес документа 40
n Местонахождение сервера Юрайт
g Электронная книга
q Тип электронного формата html
h Имя пользователя ЮРАЙТ
v Часы доступа к ресурсу 20231231
2 Способ доступа Показать документ
x Служебное примечание https://urait.ru/book/cover/AEC82964-DF83-43ED-8CEA-A818F4E92574
u URL https://urait.ru/read/492763
856 Электронный адрес документа 41
q Тип электронного формата cover
u URL https://urait.ru/book/cover/AEC82964-DF83-43ED-8CEA-A818F4E92574
952 Тип литературы __
c Вид литературы учебное пособие